|
|
|
|
| LEADER |
00000nam0a2200000 4500 |
| 001 |
351038 |
| 005 |
20231102010350.0 |
| 035 |
|
|
|a (RuTPU)RU\TPU\retro\5452
|
| 090 |
|
|
|a 351038
|
| 100 |
|
|
|a 20190319d1951 m y0rusy50 ca
|
| 101 |
0 |
|
|a rus
|
| 102 |
|
|
|a RU
|
| 105 |
|
|
|a a j 001zy
|
| 200 |
1 |
|
|a Задачи и вопросы по физике
|e пособие для студентов учительских институтов
|f А. В. Цингер
|
| 205 |
|
|
|a 9-е изд.
|
| 210 |
|
|
|a Москва
|c Государственное учебно-педагогическое издательство
|d 1951
|
| 215 |
|
|
|a 311 с.
|c ил.
|
| 317 |
|
|
|5 63413507: КР-6374
|a Поступила в НТБ в 1987 г. в дар от вдовы ученого Е. К. Завадовской
|
| 606 |
1 |
|
|a Физика
|2 stltpush
|3 (RuTPU)RU\TPU\subj\63709
|9 80688
|
| 610 |
1 |
|
|a задачи
|
| 610 |
1 |
|
|a механика
|
| 610 |
1 |
|
|a метрические меры
|
| 610 |
1 |
|
|a удельный вес
|
| 610 |
1 |
|
|a теплота
|
| 610 |
1 |
|
|a газы
|
| 610 |
1 |
|
|a жидкости
|
| 610 |
1 |
|
|a электричество
|
| 610 |
1 |
|
|a магнетизм
|
| 610 |
1 |
|
|a кинематика
|
| 610 |
1 |
|
|a статика
|
| 610 |
1 |
|
|a динамика
|
| 610 |
1 |
|
|a твердые материалы
|
| 610 |
1 |
|
|a температура
|
| 610 |
1 |
|
|a звук
|
| 610 |
1 |
|
|a свет
|
| 610 |
1 |
|
|a электростатика
|
| 610 |
1 |
|
|a электрический ток
|
| 610 |
1 |
|
|a электромагнетизм
|
| 610 |
1 |
|
|a ответы
|
| 610 |
1 |
|
|a библиотека А. А. Воробьева
|
| 610 |
1 |
|
|a дары библиотеке
|
| 675 |
|
|
|a 53(076)
|v 4
|
| 700 |
|
1 |
|a Цингер
|b А. В.
|
| 801 |
|
1 |
|a RU
|b 63413507
|c 20190319
|
| 801 |
|
2 |
|a RU
|b 63413507
|c 20200213
|g RCR
|
| 942 |
|
|
|c BK
|